[Event "62nd Corus it"]
[Site "Wijk aan Zee NED"]
[Date "2000.01.18"]
[Round "3"]
[White "Timman, Jan"]
[Black "Piket, Jeroen"]
[Result "0-1"]
[WhiteElo "2655"]
[BlackElo "2633"]
[EventDate "2000.01.15"]
[PlyCount "56"]

1. d4 Nf6 2. c4 c6 3. Bf4 d6 4. Nc3 g6 5. Nf3 Bg4 6. Qd3 Bg7 7. O-O-O Na6 8. h3 Bxf3 9. Qxf3 Nd7 10. h4 Qa5 11. h5 O-O-O 12. h6 Bf6 13. g3 e5 14. Be3 exd4 15. Bxd4 Bxd4 16. Rxd4 f5 17. Bg2 Ne5 18. Qf4 Nc5 19. Qh4 Ne6 20. Rdd1 Qb4 21. Kc2 g5 22. Qh3 Nxc4 23. b3 g4 24. Qh4 Na3+ 25. Kb2 Nd4 26. Rd3 Nc4+ 27. Ka1 Nxb3+ 28. axb3 Qa3+ {Diese Niederlage gegen Piket war fĂĽr Timman nicht so schlimm als im Donner Memorial 1996 (17 Z.), aber sie ist natĂĽrlich schlimm genug.} 0-1

[Event "62nd Corus it"]
[Site "Wijk aan Zee NED"]
[Date "2000.01.19"]
[Round "4"]
[White "Piket, Jeroen"]
[Black "Van Wely, Loek"]
[Result "1/2-1/2"]
[WhiteElo "2633"]
[BlackElo "2646"]
[EventDate "2000.01.15"]
[PlyCount "22"]

1. d4 d5 2. c4 c6 3. e3 Bf5 4. cxd5 cxd5 5. Qb3 Qc7 6. Bb5+ Nd7 7. Nc3 e6 8. Nf3 Bd6 9. Bd2 a6 10. Be2 h6 11. O-O Ne7 1/2-1/2

[Event "62nd Corus it"]
[Site "Wijk aan Zee NED"]
[Date "2000.01.19"]
[Round "4"]
[White "Timman, Jan"]
[Black "Nikolic, Predrag"]
[Result "1/2-1/2"]
[WhiteElo "2655"]
[BlackElo "2659"]
[EventDate "2000.01.15"]
[PlyCount "54"]

1. d4 Nf6 2. c4 e6 3. Nc3 Bb4 4. Qc2 O-O 5. a3 Bxc3+ 6. Qxc3 d6 7. f3 Nh5 8. g4 Qh4+ 9. Kd1 Nf6 10. Nh3 h6 11. g5 e5 12. gxf6 Bxh3 13. fxg7 Re8 14. Bxh3 Qxh3 15. Qe3 Nd7 16. d5 Kxg7 17. Bd2 Kh7 18. Kc2 Rg8 19. Rhg1 a6 20. b4 Rg6 21. Qd3 Rag8 22. Rg3 Qh5 23. f4 f5 24. Rh3 Qg4 25. Rg3 Qh5 26. Rh3 Qg4 27. Rg3 Qh5 1/2-1/2

[Event "62nd Corus it"]
[Site "Wijk aan Zee NED"]
[Date "2000.01.20"]
[Round "5"]
[White "Leko, Peter"]
[Black "Timman, Jan"]
[Result "1/2-1/2"]
[WhiteElo "2725"]
[BlackElo "2655"]
[EventDate "2000.01.15"]
[PlyCount "67"]

1. e4 c5 2. Nf3 e6 3. d3 Nc6 4. g3 d5 5. Qe2 Nge7 6. Bg2 g6 7. O-O Bg7 8. e5 h6 9. h4 b6 10. Re1 Bb7 11. c3 Nf5 12. Na3 Qd7 13. Nc2 d4 14. c4 O-O-O 15. Rb1 Bf8 16. Bd2 Kb8 17. a3 Be7 18. b4 Rdg8 19. bxc5 Bxc5 20. Bb4 Bxb4 21. Nxb4 g5 22. h5 g4 23. Nd2 Nxb4 24. Rxb4 Bxg2 25. Kxg2 Ne7 26. Ne4 Qc7 27. Nf6 Rg5 28. c5 Qb7+ 29. Ne4 Nd5 30. Rxd4 Rxe5 31. Qb2 Rc8 32. cxb6 Nxb6 33. Rd8 Rxh5 34. Rxc8+ 1/2-1/2

[Event "62nd Corus it"]
[Site "Wijk aan Zee NED"]
[Date "2000.01.22"]
[Round "6"]
[White "Piket, Jeroen"]
[Black "Adams, Michael"]
[Result "1/2-1/2"]
[WhiteElo "2633"]
[BlackElo "2715"]
[EventDate "2000.01.15"]
[PlyCount "59"]

1. Nf3 Nf6 2. c4 e6 3. g3 d5 4. Bg2 Be7 5. O-O O-O 6. d4 dxc4 7. Ne5 Nc6 8. Nxc6 bxc6 9. e3 Nd5 10. Qa4 Nb6 11. Qc2 Rb8 12. Rd1 Qe8 13. Nd2 c5 14. dxc5 Bxc5 15. Nxc4 Nxc4 16. Qxc4 Qb5 17. Qxb5 Rxb5 18. b3 Bb7 19. Bxb7 Rxb7 20. Bb2 Bd6 21. Rac1 Rb6 22. e4 f6 23. Bd4 Ra6 24. Rc2 Rb8 25. Kf1 Rb5 26. Ke2 Kf7 27. Rd3 Ke8 28. a4 Rb7 29. Rc4 Be7 30. e5 {Und in ausgeglichener Stellung wurde Remis gegeben.} 1/2-1/2

[Event "62nd Corus it"]
[Site "Wijk aan Zee NED"]
[Date "2000.01.23"]
[Round "7"]
[White "Van Wely, Loek"]
[Black "Short, Nigel David"]
[Result "1/2-1/2"]
[WhiteElo "2646"]
[BlackElo "2683"]
[EventDate "2000.01.15"]
[PlyCount "48"]

1. Nf3 e6 2. d4 c5 3. c4 cxd4 4. Nxd4 Nf6 5. Nc3 Bb4 6. g3 O-O 7. Bg2 d5 8. cxd5 Nxd5 9. Qb3 Nc6 10. Nxc6 bxc6 11. O-O Qa5 12. Bd2 Bxc3 13. bxc3 Ba6 14. Rfd1 Qc5 15. e4 Bc4 16. Qa4 Nb6 17. Qb4 Qh5 18. Be3 Be2 19. Rd2 Rab8 20. Bxb6 axb6 21. Qd6 Rfc8 22. h3 Bf3 23. Rb1 Bxg2 24. Kxg2 Qa5 1/2-1/2

[Event "62nd Corus it"]
[Site "Wijk aan Zee NED"]
[Date "2000.01.24"]
[Round "8"]
[White "Timman, Jan"]
[Black "Kortschnoj, Viktor"]
[Result "1/2-1/2"]
[WhiteElo "2655"]
[BlackElo "2659"]
[EventDate "2000.01.15"]
[PlyCount "129"]

1. e4 e6 2. d3 d5 3. Qe2 Nf6 4. Nf3 Be7 5. g3 b5 6. Bg2 dxe4 7. dxe4 b4 8. a3 Ba6 9. Qd2 Nc6 10. e5 Nd5 11. Bf1 Bxf1 12. Kxf1 a5 13. Kg2 O-O 14. Qe2 Qd7 15. Re1 Rfd8 16. axb4 axb4 17. Rxa8 Rxa8 18. Nbd2 Nb6 19. Nc4 Nxc4 20. Qxc4 Ra5 21. Qe4 Qd5 22. c3 bxc3 23. bxc3 h5 24. Bd2 Qxe4 25. Rxe4 Bc5 26. Kf1 Ne7 27. Re1 Ra2 28. Rb1 Bb6 29. c4 Nc6 30. Ke1 Rc2 31. Ra1 Rxc4 32. Ra8+ Kh7 33. Rf8 Nxe5 34. Nxe5 Re4+ 35. Kd1 Rxe5 36. Rxf7 Rd5 37. Kc1 Kg6 38. Re7 Kf6 39. Re8 Kf7 40. Rc8 e5 41. Be3 Bxe3+ 42. fxe3 Rd7 43. e4 Kf6 44. Kc2 Rd4 45. Rxc7 Rxe4 46. Kd2 g6 47. h3 g5 48. Rh7 Kg6 49. Re7 Kf5 50. Rf7+ Ke6 51. Rg7 Kf6 52. Rh7 h4 53. g4 Ra4 54. Rh6+ Kf7 55. Ke3 Ra3+ 56. Ke4 Rxh3 57. Ra6 Rg3 58. Kf5 Rf3+ 59. Kxg5 h3 60. Ra2 e4 61. Re2 e3 62. Kh4 Kg6 63. g5 Kf5 64. g6 Kxg6 65. Kg4 1/2-1/2

[Event "62nd Corus it"]
[Site "Wijk aan Zee NED"]
[Date "2000.01.27"]
[Round "10"]
[White "Piket, Jeroen"]
[Black "Short, Nigel David"]
[Result "1-0"]
[WhiteElo "2633"]
[BlackElo "2683"]
[EventDate "2000.01.15"]
[PlyCount "79"]

1. d4 e6 2. c4 b6 3. a3 f5 4. d5 Nf6 5. g3 Bb7 6. Bg2 g6 7. Nc3 Bg7 8. Nh3 O-O 9. O-O a5 10. Rb1 Na6 11. b4 axb4 12. axb4 c5 13. bxc5 Nxc5 14. Be3 Ra5 15. Nf4 Ba6 16. dxe6 Bxc4 17. exd7 Nfxd7 18. Bd5+ Bxd5 19. Ncxd5 Be5 20. Nxb6 Nxb6 21. Qxd8 Rxd8 22. Bxc5 Na4 23. Bb4 Rb5 24. Nd3 Bc3 25. Be7 Rdb8 26. Rxb5 Rxb5 27. Rc1 Kf7 28. Bg5 Ke6 29. Kf1 Rb3 30. h4 Ra3 31. Rc2 Kd5 32. Bd2 Kc4 33. Bxc3 Nxc3 34. Kg2 Kd4 35. Nf4 Ke5 36. Rb2 Ra7 37. Rb6 Re7 38. Rc6 Ne4 39. f3 Nd6 40. Rc5+ 1-0

[Event "62nd Corus it"]
[Site "Wijk aan Zee NED"]
[Date "2000.01.27"]
[Round "10"]
[White "Timman, Jan"]
[Black "Van Wely, Loek"]
[Result "1-0"]
[WhiteElo "2655"]
[BlackElo "2646"]
[EventDate "2000.01.15"]
[PlyCount "69"]

1. e4 c5 2. Nf3 d6 3. d4 cxd4 4. Nxd4 Nf6 5. Nc3 a6 6. Be3 e6 7. f3 b5 8. g4 h6 9. Qd2 Nbd7 10. O-O-O Bb7 11. Bd3 Ne5 12. Rhe1 Rc8 13. Kb1 Nfd7 14. f4 Nc4 15. Qe2 Nxe3 16. Qxe3 Qb6 17. Nd5 exd5 18. exd5+ Kd8 19. Bxb5 axb5 20. Qe8+ Kc7 21. Qxf7 g5 22. Ne6+ Kb8 23. Qxd7 gxf4 24. Rf1 f3 25. a3 Qe3 26. Rfe1 Qb6 27. Re4 Rc4 28. Nd4 Rc5 29. Re8+ Ka7 30. Nc6+ Rxc6 31. dxc6 Qxc6 32. Qd8 Qc4 33. Qb8+ Ka6 34. Rxf8 Rxf8 35. Qxf8 1-0

[Event "62nd Corus it"]
[Site "Wijk aan Zee NED"]
[Date "2000.01.30"]
[Round "13"]
[White "Short, Nigel David"]
[Black "Timman, Jan"]
[Result "1/2-1/2"]
[WhiteElo "2683"]
[BlackElo "2655"]
[EventDate "2000.01.15"]
[PlyCount "84"]

1. e4 e5 2. Nf3 Nc6 3. Bb5 a6 4. Ba4 Nf6 5. O-O Nxe4 6. d4 b5 7. Bb3 d5 8. dxe5 Be6 9. Re1 Bc5 10. Be3 Bxe3 11. Rxe3 O-O 12. c3 Na5 13. Nbd2 Nxd2 14. Qxd2 c5 15. Rd1 Qe7 16. Ree1 Rad8 17. Bc2 Nc4 18. Qc1 Bg4 19. Qf4 Bxf3 20. Qxf3 Nxb2 21. Rxd5 Rxd5 22. Qxd5 Rd8 23. Qc6 g6 24. Qxa6 Rd2 25. Qa8+ Kg7 26. Qe4 Qe6 27. h3 Qc4 28. Qf3 Qe6 29. Re2 Rxe2 30. Qxe2 c4 31. f4 Na4 32. Bxa4 bxa4 33. Qe4 h5 34. Kf2 Qb6+ 35. Kf3 Qb2 36. Qxc4 a3 37. h4 Qc2 38. Kg3 Qd2 39. Qd4 Qe1+ 40. Kf3 Qf1+ 41. Kg3 Qe1+ 42. Kf3 Qf1+ 1/2-1/2